Countrelements (Vol. 2) Quiz Stats

 Plays Quiz not verified by Sporcle

Also try: Capitelements
Challenge
Share
Tweet
Embed
Score 0/13 Timer 05:00
0 Plays Today
Country's End & Element's Beginning Merged Word % Correct
-EI-Bruneinsteinium
72.2%
-TU-Vanuatungsten
62.1%
-BA-Cubarium
58.1%
-AM-Vietnamericium
53.1%
-LU-Tuvalutetium
46.5%
-ER-Nigerbium
46.2%
-HO-Lesotholmium
44.7%
*-ST-Ivory Coastrontium
37.4%
-LE-Chilead
35.4%
-VA-Moldovanadium
31.2%
-TA-Maltantalum
25.3%
-NO-San Marinobelium
24.8%
-RO-Montenegroentgenium
19.6%

You're not logged in!

Compare scores with friends on all Sporcle quizzes.
Join for Free
OR
Log In

You Might Also Like...

Show Comments

Extras

Top Quizzes Today


Score Distribution

Your Account Isn't Verified!

In order to create a playlist on Sporcle, you need to verify the email address you used during registration. Go to your Sporcle Settings to finish the process.

Report this User

Report this user for behavior that violates our Community Guidelines.

Details: